[Event "World Youth U-16 Olympiad 2018"]
[Site "Konya"]
[Date "2018.11.25"]
[Round "1"]
[White "Kreutzmann, Duke"]
[Black "Davtyan, Artur"]
[Result "0-1"]
[WhiteElo "2049"]
[BlackElo "2374"]
[Annotator "NA"]
[PlyCount "72"]
[EventDate "2018.11.25"]
[EventType "team-tourn"]
[EventCountry "TUR"]
[SourceTitle "playchess.com"]
[Source "ChessBase"]
[SourceQuality "1"]
[WhiteTeam "Switzerland"]
[BlackTeam "Armenia"]
[WhiteTeamCountry "SUI"]
[BlackTeamCountry "ARM"]

1. d4 d5 2. c4 e6 3. Nf3 Nf6 4. cxd5 exd5 5. Nc3 c6 6. Qc2 Bd6 7. Bg5 O-O 8. e3 Re8 9. Bd3 h6 10. Bh4 Bg4 11. Bf5 Bxf5 12. Qxf5 Nbd7 13. O-O Qb6 14. Qc2 Re6 15. Bg3 Bxg3 16. hxg3 Rae8 17. Rab1 Qd8 18. b4 a6 19. Rfc1 Ne4 20. Nxe4 dxe4 21. Nd2 h5 22. Nc4 h4 23. g4 Qg5 24. Qd1 Rg6 25. Na5 f5 26. Nxb7 fxg4 27. Qe1 g3 28. Nc5 Nf6 29. Rb3 Qh5 30. Rc2 Ng4 31. f3 exf3 32. gxf3 Nh2 33. e4 Nxf3+ 34. Rxf3 Qxf3 35. Rc3 Qg4 36. e5 Qxd4+ 0-1

[Event "World Youth U-16 Olympiad 2018"]
[Site "Konya"]
[Date "2018.11.25"]
[Round "1"]
[White "Sankova, Stella"]
[Black "Chabane, Lina"]
[Result "1-0"]
[WhiteElo "2039"]
[BlackElo "1326"]
[Annotator "NA"]
[PlyCount "49"]
[EventDate "2018.11.25"]
[EventType "team-tourn"]
[EventCountry "TUR"]
[SourceTitle "playchess.com"]
[Source "ChessBase"]
[SourceQuality "1"]
[WhiteTeam "Slovakia"]
[BlackTeam "Algeria"]
[WhiteTeamCountry "SVK"]
[BlackTeamCountry "ALG"]

1. e4 c5 2. Nc3 d6 3. f4 Nc6 4. Nf3 e6 5. Bb5 Bd7 6. d3 a6 7. Bxc6 Bxc6 8. O-O Nf6 9. Qe2 Be7 10. Bd2 Qc7 11. h3 O-O 12. Rae1 b5 13. g4 b4 14. Nd1 Rad8 15. f5 exf5 16. gxf5 Kh8 17. Rf2 Nd7 18. Rg2 Bf6 19. Bg5 Rde8 20. Qf2 Ne5 21. Bxf6 Nxf3+ 22. Qxf3 gxf6 23. Kh1 d5 24. Reg1 Qd8 25. Rg7 1-0

[Event "World Youth U-16 Olympiad 2018"]
[Site "Konya"]
[Date "2018.11.25"]
[Round "1"]
[White "Adiguzel, Ufuk Alp"]
[Black "Wang, Wesley"]
[Result "0-1"]
[WhiteElo "2019"]
[BlackElo "2248"]
[Annotator "NA"]
[PlyCount "48"]
[EventDate "2018.11.25"]
[EventType "team-tourn"]
[EventCountry "TUR"]
[SourceTitle "playchess.com"]
[Source "ChessBase"]
[SourceQuality "1"]
[WhiteTeam "Turkey"]
[BlackTeam "United States"]
[WhiteTeamCountry "TUR"]
[BlackTeamCountry "USA"]

1. e4 c5 2. Nf3 e6 3. d3 Nc6 4. g3 g6 5. Bg2 Bg7 6. O-O Nge7 7. c3 O-O 8. Be3 b6 9. d4 cxd4 10. Nxd4 Ba6 11. Re1 Ne5 12. Na3 Qc8 13. f4 Nd3 14. Re2 Nc5 15. Rd2 d5 16. exd5 Nxd5 17. Bf2 Bb7 18. Nab5 Rd8 19. f5 exf5 20. Nb3 Ne4 21. Rd3 a6 22. Na3 Qc7 23. Bd4 Ndf6 24. Kh1 Rxd4 0-1

[Event "World Youth U-16 Olympiad 2018"]
[Site "Konya"]
[Date "2018.11.25"]
[Round "1"]
[White "Malicka, Maria"]
[Black "Dhevcharran, Kahill"]
[Result "1/2-1/2"]
[WhiteElo "2013"]
[BlackElo "1561"]
[Annotator "NA"]
[PlyCount "162"]
[EventDate "2018.11.25"]
[EventType "team-tourn"]
[EventCountry "TUR"]
[SourceTitle "playchess.com"]
[Source "ChessBase"]
[SourceQuality "1"]
[WhiteTeam "Poland"]
[BlackTeam "South Africa"]
[WhiteTeamCountry "POL"]
[BlackTeamCountry "RSA"]

1. e4 c5 2. Nf3 Nc6 3. d4 cxd4 4. Nxd4 g6 5. c4 Bg7 6. Be3 Nf6 7. Nc3 O-O 8. Be2 d6 9. O-O Bd7 10. f3 Nxd4 11. Bxd4 Bc6 12. Qd2 a5 13. Kh1 Nd7 14. Bxg7 Kxg7 15. f4 Nc5 16. f5 f6 17. Qe3 Nd7 18. fxg6 hxg6 19. Bg4 Ne5 20. Be6 Rh8 21. Qe2 Bd7 22. Bxd7 Qxd7 23. Nd5 Rab8 24. Rac1 Rh6 25. Rc3 Rbh8 26. h3 g5 27. Rg3 Rg6 28. Kg1 g4 29. hxg4 Rxg4 30. Rxg4+ Nxg4 31. Nxe7 Qxe7 32. Qxg4+ Kf7 33. b3 Qe5 34. Qd7+ Kf8 35. Qd8+ Kg7 36. Qd7+ Kf8 37. Qc8+ Kg7 38. Qg4+ Kf7 39. Qf4 Qd4+ 40. Qf2 Qe5 41. g3 Rg8 42. Kh2 Rh8+ 43. Kg1 Rg8 44. Kh2 Rh8+ 45. Kg1 Rg8 46. Kg2 Qxe4+ 47. Qf3 Qe7 48. Qh5+ Kf8 49. Qh6+ Kf7 50. Qh7+ Rg7 51. Qh5+ Kf8 52. Qh8+ Kf7 53. Qh5+ Kf8 54. Qf3 Kf7 55. Rf2 Rg5 56. Re2 Qd7 57. Rd2 Re5 58. Qd3 Qc6+ 59. Kf2 Qc5+ 60. Kg2 Qc6+ 61. Kf2 Qc5+ 62. Kg2 Qc6+ 63. Qf3 Qxf3+ 64. Kxf3 Ke6 65. Kf4 Kd7 66. Rd5 Kc6 67. Rd2 Kc5 68. Rh2 a4 69. bxa4 Kxc4 70. Rb2 d5 71. Rxb7 d4 72. Rc7+ Kd3 73. Rc6 Re4+ 74. Kf3 Re3+ 75. Kf2 Re5 76. Rxf6 Ra5 77. Ke1 Ke3 78. Re6+ Kf3 79. Kd2 Kxg3 80. Kd3 Rxa4 81. Re4 Rxa2 1/2-1/2

[Event "World Youth U-16 Olympiad 2018"]
[Site "Konya"]
[Date "2018.11.25"]
[Round "1"]
[White "Modi, Yashil"]
[Black "Kosakowski, Jakub"]
[Result "0-1"]
[WhiteElo "1955"]
[BlackElo "2413"]
[Annotator "TA"]
[PlyCount "62"]
[EventDate "2018.11.25"]
[EventType "team-tourn"]
[EventCountry "TUR"]
[SourceTitle "playchess.com"]
[Source "ChessBase"]
[SourceQuality "1"]
[WhiteTeam "South Africa"]
[BlackTeam "Poland"]
[WhiteTeamCountry "RSA"]
[BlackTeamCountry "POL"]

1. d4 Nf6 2. Nf3 g6 3. g3 Bg7 4. Bg2 O-O 5. O-O d6 6. c4 Nc6 7. Nc3 Rb8 8. e4 Bg4 9. Be3 Nd7 10. h3 Bxf3 11. Bxf3 e5 12. d5 Nd4 13. Bg2 c5 14. Qd3 a6 15. a4 Qb6 16. Ne2 Qxb2 17. Bxd4 exd4 18. Rfb1 Ne5 19. Qd1 Nxc4 20. Rxb2 Nxb2 21. Qb3 d3 22. Nc3 b5 23. axb5 axb5 24. Ra6 b4 25. Na4 c4 26. Qa2 b3 27. Qb1 Nxa4 28. Rxa4 c3 29. Qxd3 b2 30. Qb1 Rfc8 31. Bf1 c2 0-1

[Event "World Youth U-16 Olympiad 2018"]
[Site "Konya"]
[Date "2018.11.25"]
[Round "1"]
[White "Celik, Eylul"]
[Black "Badelka, Olga"]
[Result "0-1"]
[WhiteElo "1950"]
[BlackElo "2390"]
[Annotator "NA"]
[PlyCount "130"]
[EventDate "2018.11.25"]
[EventType "team-tourn"]
[EventCountry "TUR"]
[SourceTitle "playchess.com"]
[Source "ChessBase"]
[SourceQuality "1"]
[WhiteTeam "Turkey"]
[BlackTeam "Belarus"]
[WhiteTeamCountry "TUR"]
[BlackTeamCountry "BLR"]

1. d4 Nf6 2. c4 e6 3. Bg5 c5 4. d5 exd5 5. cxd5 d6 6. e4 Be7 7. Bf4 a6 8. Nc3 b5 9. Qc2 O-O 10. Be2 Re8 11. Nf3 Bf8 12. Bg5 Nbd7 13. O-O h6 14. Bxf6 Nxf6 15. Nd2 b4 16. Nd1 Nxd5 17. exd5 Rxe2 18. Ne3 a5 19. Rfe1 Rxe1+ 20. Rxe1 a4 21. Nec4 g6 22. Qe4 Bf5 23. Qf4 Qg5 24. Qf3 Rb8 25. h3 Bg7 26. Ne4 Bxe4 27. Qxe4 Bd4 28. Qf3 Qf6 29. Qxf6 Bxf6 30. Re2 Kf8 31. Kf1 Rd8 32. Nb6 b3 33. a3 c4 34. Nxa4 Bd4 35. Re4 Ra8 36. Rxd4 Rxa4 37. Rd1 c3 38. bxc3 Rxa3 39. Rb1 Ke7 40. Ke2 Kf6 41. f4 Kf5 42. Ke3 h5 43. Rb2 h4 44. Kf3 Ra4 45. Rxb3 Rxf4+ 46. Ke3 Re4+ 47. Kf3 Rc4 48. Ke3 Ke5 49. Kd3 Kxd5 50. Rb5+ Rc5 51. Rb4 g5 52. Rg4 Ke6 53. c4 Ra5 54. Kd4 Rf5 55. Re4+ Re5 56. Rg4 f6 57. Kd3 Ra5 58. Re4+ Kf5 59. Rg4 Ra1 60. Kd4 Rd1+ 61. Ke3 Re1+ 62. Kd4 Kg6 63. Kd5 Rd1+ 64. Rd4 Kf7 65. c5 Ke7 0-1

[Event "World Youth U-16 Olympiad 2018"]
[Site "Konya"]
[Date "2018.11.25"]
[Round "1"]
[White "Johannsson, Birkir Isak"]
[Black "Milosevic, Milos"]
[Result "0-1"]
[WhiteElo "1949"]
[BlackElo "2293"]
[Annotator "NA"]
[PlyCount "62"]
[EventDate "2018.11.25"]
[EventType "team-tourn"]
[EventCountry "TUR"]
[SourceTitle "playchess.com"]
[Source "ChessBase"]
[SourceQuality "1"]
[WhiteTeam "Iceland"]
[BlackTeam "Serbia"]
[WhiteTeamCountry "ISL"]
[BlackTeamCountry "SRB"]

1. d4 Nf6 2. c4 c5 3. d5 b5 4. cxb5 a6 5. bxa6 g6 6. Nc3 Bg7 7. e4 O-O 8. a7 Rxa7 9. Nf3 d6 10. Be2 Ba6 11. O-O Rb7 12. a4 Rb4 13. Bxa6 Nxa6 14. Qe2 Nc7 15. Ra3 Qb8 16. Qc2 Qb7 17. Nd2 e6 18. Na2 Rd4 19. b3 exd5 20. Bb2 dxe4 21. Bxd4 cxd4 22. b4 Ne6 23. Rc1 e3 24. Nf3 Bh6 25. Rf1 Ng4 26. Qb2 Qe4 27. fxe3 Bxe3+ 28. Kh1 Rc8 29. Qb3 Rc2 30. h3 Nf2+ 31. Rxf2 Rxf2 0-1

[Event "World Youth U-16 Olympiad 2018"]
[Site "Konya"]
[Date "2018.11.25"]
[Round "1"]
[White "Golsta, Madara"]
[Black "Katopodis, Dimitrios"]
[Result "0-1"]
[WhiteElo "1938"]
[BlackElo "2310"]
[Annotator "NA"]
[PlyCount "86"]
[EventDate "2018.11.25"]
[EventType "team-tourn"]
[EventCountry "TUR"]
[SourceTitle "playchess.com"]
[Source "ChessBase"]
[SourceQuality "1"]
[WhiteTeam "Latvia"]
[BlackTeam "Greece"]
[WhiteTeamCountry "LAT"]
[BlackTeamCountry "GRE"]

1. c4 b6 2. Nf3 Bb7 3. e3 e6 4. Be2 Nf6 5. O-O Be7 6. b3 O-O 7. Bb2 d5 8. d3 c5 9. Nbd2 Nc6 10. a3 Qc7 11. Rc1 Rad8 12. Qc2 d4 13. exd4 cxd4 14. b4 e5 15. Rfe1 Nd7 16. Bf1 Rfe8 17. Ne4 f5 18. Ng3 g6 19. Re2 a5 20. b5 Ncb8 21. Rce1 Bxf3 22. gxf3 Kf7 23. Bg2 Bf6 24. f4 Nc5 25. Bd5+ Kf8 26. Qd2 exf4 27. Rxe8+ Rxe8 28. Rxe8+ Kxe8 29. Ne2 Nb3 30. Qd1 a4 31. Qe1 Qe7 32. Kf1 g5 33. Qb4 Nc5 34. Bxd4 Bxd4 35. Nxd4 Nxd3 36. Qxe7+ Kxe7 37. Nxf5+ Kf6 38. Nd4 Nd7 39. Ke2 N7c5 40. h3 Nc1+ 41. Kd2 N1d3 42. Ke2 h5 43. Bf3 Ne5 0-1

[Event "World Youth U-16 Olympiad 2018"]
[Site "Konya"]
[Date "2018.11.25"]
[Round "1"]
[White "Verbin, Valentina"]
[Black "Mairambekova, Aiperi"]
[Result "1/2-1/2"]
[WhiteElo "1936"]
[BlackElo "1398"]
[Annotator "NA"]
[PlyCount "90"]
[EventDate "2018.11.25"]
[EventType "team-tourn"]
[EventCountry "TUR"]
[SourceTitle "playchess.com"]
[Source "ChessBase"]
[SourceQuality "1"]
[WhiteTeam "Moldova"]
[BlackTeam "Kyrgyzstan"]
[WhiteTeamCountry "MDA"]
[BlackTeamCountry "KGZ"]

1. e4 e5 2. Nf3 Nc6 3. Bb5 Nf6 4. d3 d6 5. c3 Be7 6. O-O a6 7. Ba4 O-O 8. Nbd2 b5 9. Bb3 Na5 10. Bc2 c5 11. Re1 Qc7 12. Nf1 Be6 13. Bg5 h6 14. Bxf6 Bxf6 15. Ne3 Rac8 16. b4 cxb4 17. cxb4 Nc6 18. Bb3 Nxb4 19. Bxe6 fxe6 20. Qb3 a5 21. a3 Nc6 22. Qxe6+ Qf7 23. Qxf7+ Rxf7 24. Rec1 Rff8 25. h4 Ne7 26. g3 Rc5 27. Rxc5 dxc5 28. Rc1 Rc8 29. Ng4 b4 30. Nfxe5 Bxe5 31. Nxe5 b3 32. a4 Nc6 33. Nxc6 Rxc6 34. Kf1 c4 35. dxc4 b2 36. Rb1 Rxc4 37. Rxb2 Rxe4 38. Ra2 g5 39. f3 Rb4 40. hxg5 hxg5 41. Ke2 Kg7 42. Kd3 Kf6 43. Kc3 Kf5 44. Kd3 Rb3+ 45. Ke2 Rb4 1/2-1/2

[Event "World Youth U-16 Olympiad 2018"]
[Site "Konya"]
[Date "2018.11.25"]
[Round "1"]
[White "Kuhar, Larisa"]
[Black "Berdnyk, Mariia"]
[Result "0-1"]
[WhiteElo "1916"]
[BlackElo "2254"]
[Annotator "NA"]
[PlyCount "108"]
[EventDate "2018.11.25"]
[EventType "team-tourn"]
[EventCountry "TUR"]
[SourceTitle "playchess.com"]
[Source "ChessBase"]
[SourceQuality "1"]
[WhiteTeam "Slovenia"]
[BlackTeam "Ukraine"]
[WhiteTeamCountry "SLO"]
[BlackTeamCountry "UKR"]

1. e4 c5 2. Nf3 d6 3. d4 cxd4 4. Nxd4 Nf6 5. Nc3 g6 6. Be2 Bg7 7. O-O O-O 8. Re1 Nc6 9. Nb3 Be6 10. Bf1 Rc8 11. Bg5 Ne5 12. Nd5 Nxd5 13. exd5 Bd7 14. c3 h6 15. Be3 Qc7 16. Bd4 Rfe8 17. h3 b5 18. f4 Nc4 19. Bxg7 Kxg7 20. Qd4+ Kg8 21. Bxc4 bxc4 22. Nd2 Bf5 23. Ne4 Rb8 24. Re2 Bxe4 25. Qxe4 e6 26. Rae1 Qc5+ 27. Qd4 Qxd4+ 28. cxd4 Kf8 29. dxe6 Rxe6 30. Rxe6 fxe6 31. Re2 Kf7 32. Kf2 a5 33. Ke1 h5 34. g4 hxg4 35. hxg4 Rh8 36. Kd2 Rh4 37. Rg2 Rh3 38. Kc2 Rf3 39. f5 exf5 40. gxf5 Rxf5 41. Kc3 d5 42. Rg3 Rf4 43. Rg5 Rf3+ 44. Kc2 Rf5 45. Rg3 Kf6 46. Re3 g5 47. Re8 g4 48. Rg8 Rg5 49. Rf8+ Ke6 50. Rf1 g3 51. Kd2 g2 52. Rg1 Kf5 53. Ke3 Rg3+ 54. Kf2 Kf4 0-1

[Event "World Youth U-16 Olympiad 2018"]
[Site "Konya"]
[Date "2018.11.25"]
[Round "1"]
[White "Sade, Defne"]
[Black "Siniauski, Artsiom"]
[Result "1-0"]
[WhiteElo "1888"]
[BlackElo "2199"]
[Annotator "NA"]
[PlyCount "99"]
[EventDate "2018.11.25"]
[EventType "team-tourn"]
[EventCountry "TUR"]
[SourceTitle "playchess.com"]
[Source "ChessBase"]
[SourceQuality "1"]
[WhiteTeam "Turkey"]
[BlackTeam "Belarus"]
[WhiteTeamCountry "TUR"]
[BlackTeamCountry "BLR"]

1. e4 e6 2. d4 d5 3. Nd2 Nf6 4. e5 Nfd7 5. Bd3 c5 6. c3 Nc6 7. Ne2 cxd4 8. cxd4 f6 9. exf6 Nxf6 10. Nf3 Bd6 11. O-O Qc7 12. Bd2 O-O 13. Nc3 a6 14. Rc1 Bd7 15. Re1 Rae8 16. Na4 Bc8 17. Ne5 Qb8 18. Bc3 Qa7 19. Re3 g6 20. Bb1 Bxe5 21. dxe5 Nd7 22. Qg4 Rf5 23. Bxf5 exf5 24. Qh4 d4 25. Rh3 Nf8 26. Bd2 Be6 27. Bh6 Nd7 28. Bg5 h5 29. Bf6 Ndxe5 30. Bxe5 Nxe5 31. Qf6 Bf7 32. Nc5 b6 33. Nd3 Ng4 34. Qxd4 Qe7 35. Rg3 Rd8 36. Qc3 h4 37. Rh3 Qg5 38. f4 Qe7 39. Re1 Be6 40. Ne5 b5 41. Nxg4 fxg4 42. Rhe3 Qa7 43. Qf6 Re8 44. Qxg6+ Kf8 45. Qh6+ Kg8 46. Kh1 h3 47. Qg6+ Kf8 48. Rxe6 hxg2+ 49. Kxg2 Qb7+ 50. Qe4 1-0

[Event "World Youth U-16 Olympiad 2018"]
[Site "Konya"]
[Date "2018.11.25"]
[Round "1"]
[White "Pheephacharakan, Pinatpong"]
[Black "Nogerbek, Kazybek"]
[Result "0-1"]
[WhiteElo "1860"]
[BlackElo "2316"]
[Annotator "NA"]
[PlyCount "64"]
[EventDate "2018.11.25"]
[EventType "team-tourn"]
[EventCountry "TUR"]
[SourceTitle "playchess.com"]
[Source "ChessBase"]
[SourceQuality "1"]
[WhiteTeam "Thailand"]
[BlackTeam "Kazakhstan"]
[WhiteTeamCountry "THA"]
[BlackTeamCountry "KAZ"]

1. c4 Nf6 2. Nc3 e5 3. Nf3 Nc6 4. e4 Bc5 5. Nxe5 Nxe5 6. d4 Bb4 7. dxe5 Nxe4 8. Qf3 Qh4 9. a3 Bxc3+ 10. bxc3 Ng5 11. Qd5 Ne6 12. Be3 O-O 13. g3 Qe7 14. Bg2 c6 15. Qd6 Qxd6 16. exd6 b6 17. Kd2 Ba6 18. Bf1 f5 19. f4 Rf6 20. Rd1 Re8 21. Kc2 Nc5 22. Bxc5 bxc5 23. Bd3 g6 24. Rhe1 Rfe6 25. Rxe6 Rxe6 26. Bf1 Kf7 27. Rd2 Re1 28. Bg2 Bxc4 29. Bxc6 Ke6 30. Kb2 Re2 31. Bd5+ Kxd6 32. Bg8+ Ke7 0-1

[Event "World Youth U-16 Olympiad 2018"]
[Site "Konya"]
[Date "2018.11.25"]
[Round "1"]
[White "Cui, Cynthia"]
[Black "Cohen Revivo, Shoham"]
[Result "0-1"]
[WhiteElo "1848"]
[BlackElo "2299"]
[Annotator "NA"]
[PlyCount "68"]
[EventDate "2018.11.25"]
[EventType "team-tourn"]
[EventCountry "TUR"]
[SourceTitle "playchess.com"]
[Source "ChessBase"]
[SourceQuality "1"]
[WhiteTeam "Canada"]
[BlackTeam "Israel"]
[WhiteTeamCountry "CAN"]
[BlackTeamCountry "ISR"]

1. c4 e5 2. g3 f5 3. Bg2 Nf6 4. Nc3 d6 5. d3 Be7 6. Nf3 O-O 7. O-O c6 8. c5 Nbd7 9. cxd6 Bxd6 10. d4 Kh8 11. dxe5 Nxe5 12. Rb1 Qe7 13. a3 Be6 14. Nd4 Rad8 15. Nxe6 Qxe6 16. Qc2 a5 17. Na4 b5 18. Nc5 Qe7 19. Nb3 c5 20. Nxa5 Rc8 21. Qxf5 c4 22. Qc2 Nfg4 23. h3 Nxf2 24. Rxf2 Rxf2 25. Kxf2 Qa7+ 26. Be3 Rf8+ 27. Bf3 Qxa5 28. Qd2 Qc7 29. Rg1 Qc6 30. Rd1 Rxf3+ 31. exf3 Qxf3+ 32. Kg1 Qxg3+ 33. Kh1 Qxh3+ 34. Qh2 Qf3+ 0-1

[Event "World Youth U-16 Olympiad 2018"]
[Site "Konya"]
[Date "2018.11.25"]
[Round "1"]
[White "Katkov, Michelle"]
[Black "Cui, Leonardo"]
[Result "1-0"]
[WhiteElo "1847"]
[BlackElo "1569"]
[Annotator "NA"]
[PlyCount "57"]
[EventDate "2018.11.25"]
[EventType "team-tourn"]
[EventCountry "TUR"]
[SourceTitle "playchess.com"]
[Source "ChessBase"]
[SourceQuality "1"]
[WhiteTeam "Israel"]
[BlackTeam "Canada"]
[WhiteTeamCountry "ISR"]
[BlackTeamCountry "CAN"]

1. e4 d6 2. d4 Nf6 3. Nc3 e5 4. dxe5 dxe5 5. Qxd8+ Kxd8 6. Nf3 Bd6 7. Bg5 Be6 8. O-O-O Nbd7 9. Nb5 Ke7 10. Nxd6 cxd6 11. Nd2 Rac8 12. b3 h6 13. Be3 Rc7 14. f3 d5 15. Bd3 Rhc8 16. Kb2 d4 17. Bf2 Ne8 18. f4 f6 19. Nf3 Nc5 20. Rd2 Nd7 21. Bg3 Nd6 22. fxe5 fxe5 23. Nxe5 Nxe5 24. Bxe5 Rd7 25. Bxg7 Rcd8 26. e5 Ne8 27. Bxh6 Rc8 28. Bg5+ Kf7 29. h4 1-0

[Event "World Youth U-16 Olympiad 2018"]
[Site "Konya"]
[Date "2018.11.25"]
[Round "1"]
[White "Mejia Granados, Paulina Isabel"]
[Black "Travadon, Loic"]
[Result "0-1"]
[WhiteElo "1839"]
[BlackElo "2310"]
[Annotator "NA"]
[PlyCount "100"]
[EventDate "2018.11.25"]
[EventType "team-tourn"]
[EventCountry "TUR"]
[SourceTitle "playchess.com"]
[Source "ChessBase"]
[SourceQuality "1"]
[WhiteTeam "Mexico"]
[BlackTeam "France"]
[WhiteTeamCountry "MEX"]
[BlackTeamCountry "FRA"]

1. d4 Nf6 2. c4 e6 3. Nf3 c5 4. d5 b5 5. b3 Bb7 6. Nbd2 exd5 7. cxb5 d4 8. a4 a6 9. bxa6 Nxa6 10. Ba3 Be7 11. g3 O-O 12. Bg2 Nd5 13. O-O Nc3 14. Qe1 Bf6 15. Nb1 Nb4 16. Nxc3 dxc3 17. Rc1 d6 18. Bxb4 cxb4 19. Qd1 Ra5 20. Ne1 d5 21. Nc2 Qb6 22. e3 Be7 23. Qf3 Rd8 24. Rfd1 Rd6 25. Nd4 g6 26. Nb5 Rd8 27. h3 Raa8 28. Nd4 Rac8 29. Rc2 h5 30. Bf1 Rd6 31. Qe2 Qd8 32. Ra1 Rf6 33. Qd1 Bd6 34. a5 h4 35. a6 Ba8 36. g4 Bc7 37. f4 Qe7 38. Qd3 Re8 39. Re2 Bb6 40. Ra4 Qc5 41. Kg2 Re4 42. Ra1 Qe7 43. g5 Rd6 44. Kh2 Bxd4 45. exd4 Qa7 46. Rxe4 dxe4 47. Qb5 Rxd4 48. Qe8+ Kh7 49. Bg2 c2 50. Qc8 Rd1 0-1

[Event "World Youth U-16 Olympiad 2018"]
[Site "Konya"]
[Date "2018.11.25"]
[Round "1"]
[White "Cheikh-Boukal, Ziyad"]
[Black "Ozenir, Ekin Baris"]
[Result "0-1"]
[WhiteElo "1830"]
[BlackElo "2293"]
[Annotator "NA"]
[PlyCount "68"]
[EventDate "2018.11.25"]
[EventType "team-tourn"]
[EventCountry "TUR"]
[SourceTitle "playchess.com"]
[Source "ChessBase"]
[SourceQuality "1"]
[WhiteTeam "Algeria"]
[BlackTeam "Turkey"]
[WhiteTeamCountry "ALG"]
[BlackTeamCountry "TUR"]

1. d4 Nf6 2. Bf4 b6 3. e3 Bb7 4. Nf3 d6 5. h3 g6 6. Be2 Bg7 7. O-O O-O 8. Nc3 Nbd7 9. a4 a6 10. Qd3 Re8 11. e4 e5 12. dxe5 Nc5 13. Qd1 Nfxe4 14. Nxe4 Nxe4 15. exd6 Bxb2 16. dxc7 Qf6 17. Be3 Nc3 18. Qe1 Nxe2+ 19. Qxe2 Bxa1 20. Rd1 Rac8 21. Qc4 Bxf3 22. gxf3 Be5 23. Rd7 Qe6 24. Qxe6 Rxe6 25. Rd8+ Re8 26. Bxb6 Kg7 27. c4 Bf6 28. Rd6 Be5 29. Rd7 Kf6 30. c5 Ke6 31. c6 Bd6 32. Ba5 Kd5 33. Rxf7 Kxc6 34. Rf6 Rf8 0-1

[Event "World Youth U-16 Olympiad 2018"]
[Site "Konya"]
[Date "2018.11.25"]
[Round "1"]
[White "Moran, Darragh"]
[Black "Kacharava, Nikolozi"]
[Result "0-1"]
[WhiteElo "1800"]
[BlackElo "2356"]
[Annotator "NA"]
[PlyCount "94"]
[EventDate "2018.11.25"]
[EventType "team-tourn"]
[EventCountry "TUR"]
[SourceTitle "playchess.com"]
[Source "ChessBase"]
[SourceQuality "1"]
[WhiteTeam "Ireland"]
[BlackTeam "Georgia"]
[WhiteTeamCountry "IRL"]
[BlackTeamCountry "GEO"]

1. d4 d6 2. e4 Nf6 3. Nc3 e5 4. Nf3 Nbd7 5. Bc4 Be7 6. O-O O-O 7. a4 c6 8. h3 a5 9. Be3 h6 10. Re1 Re8 11. Qb1 Nb6 12. Bb3 exd4 13. Nxd4 d5 14. e5 Nh7 15. Nce2 Bd7 16. c3 Ng5 17. Bc2 Nc4 18. Bxg5 Bxg5 19. f4 Bh4 20. g3 Bxh3 21. gxh4 Qxh4 22. Bf5 Nxe5 23. Bxh3 Qxh3 24. fxe5 Rxe5 25. Rf1 c5 26. Rf5 Rae8 27. Qf1 Qg4+ 28. Qg2 Qxg2+ 29. Kxg2 Rxf5 30. Nxf5 Rxe2+ 31. Kf3 Rxb2 32. Rg1 g6 33. Nxh6+ Kg7 34. Nf5+ Kf6 35. Ne3 d4 36. cxd4 cxd4 37. Nc4 Rb4 38. Nxa5 b6 39. Nc6 Rc4 40. Nb8 Kf5 41. Rb1 Rc3+ 42. Ke2 Ke4 43. Rxb6 Ra3 44. Nd7 d3+ 45. Kf1 Ra1+ 46. Kf2 d2 47. Nc5+ Kd5 0-1

[Event "World Youth U-16 Olympiad 2018"]
[Site "Konya"]
[Date "2018.11.25"]
[Round "1"]
[White "Orozbaev, Eldiar"]
[Black "Schitco, Ivan"]
[Result "0-1"]
[WhiteElo "1785"]
[BlackElo "2376"]
[Annotator "NA"]
[PlyCount "56"]
[EventDate "2018.11.25"]
[EventType "team-tourn"]
[EventCountry "TUR"]
[SourceTitle "playchess.com"]
[Source "ChessBase"]
[SourceQuality "1"]
[WhiteTeam "Kyrgyzstan"]
[BlackTeam "Moldova"]
[WhiteTeamCountry "KGZ"]
[BlackTeamCountry "MDA"]

1. e4 d6 2. d4 Nf6 3. Nc3 g6 4. Bf4 c6 5. Qd2 Nbd7 6. O-O-O Bg7 7. e5 dxe5 8. dxe5 Nh5 9. Bh6 Bxe5 10. g4 Nhf6 11. f4 Bxc3 12. Qxc3 Rg8 13. Qf3 Qa5 14. g5 Nd5 15. Bc4 N7b6 16. Bb3 Qc5 17. Kb1 Bf5 18. Ne2 Ne3 19. Rd2 Nbc4 20. Bxc4 Nxc4 21. Rdd1 Bxc2+ 22. Ka1 Bxd1 23. Rxd1 Rd8 24. Rc1 Qe3 25. Qxe3 Nxe3 26. Nc3 Nf5 27. Ne4 Rd4 28. Re1 Kd7 0-1

[Event "World Youth U-16 Olympiad 2018"]
[Site "Konya"]
[Date "2018.11.25"]
[Round "1"]
[White "Leffad, Samy"]
[Black "Sahidi, Samir"]
[Result "0-1"]
[WhiteElo "1776"]
[BlackElo "2309"]
[Annotator "NA"]
[PlyCount "54"]
[EventDate "2018.11.25"]
[EventType "team-tourn"]
[EventCountry "TUR"]
[SourceTitle "playchess.com"]
[Source "ChessBase"]
[SourceQuality "1"]
[WhiteTeam "Algeria"]
[BlackTeam "Slovakia"]
[WhiteTeamCountry "ALG"]
[BlackTeamCountry "SVK"]

1. d4 Nf6 2. Nf3 g6 3. c4 Bg7 4. Nc3 O-O 5. g3 d5 6. cxd5 Nxd5 7. Bg2 c5 8. O-O Nc6 9. Nxd5 Qxd5 10. Be3 Rd8 11. dxc5 Qc4 12. Nd2 Qa6 13. Qc1 Be6 14. Re1 Rac8 15. a3 Nd4 16. Bxd4 Bxd4 17. Ne4 Qb5 18. e3 Bxc5 19. Nxc5 Rxc5 20. Qb1 Rd2 21. Rd1 Rxb2 22. Rd8+ Kg7 23. Qd1 Rcc2 24. Qd4+ f6 25. Qf4 Rxf2 26. Qxf2 Rxf2 27. Kxf2 Qb2+ 0-1

[Event "World Youth U-16 Olympiad 2018"]
[Site "Konya"]
[Date "2018.11.25"]
[Round "1"]
[White "Laohawirapap, Prin"]
[Black "Isanzhulov, Arystan"]
[Result "1/2-1/2"]
[WhiteElo "1750"]
[BlackElo "2284"]
[Annotator "NA"]
[PlyCount "102"]
[EventDate "2018.11.25"]
[EventType "team-tourn"]
[EventCountry "TUR"]
[SourceTitle "playchess.com"]
[Source "ChessBase"]
[SourceQuality "1"]
[WhiteTeam "Thailand"]
[BlackTeam "Kazakhstan"]
[WhiteTeamCountry "THA"]
[BlackTeamCountry "KAZ"]

1. e4 c5 2. c3 Nf6 3. e5 Nd5 4. d4 cxd4 5. cxd4 d6 6. Bc4 Nb6 7. Bb5+ Bd7 8. e6 Bxb5 9. Qh5 Qc8 10. Qxb5+ Qc6 11. exf7+ Kxf7 12. Qf5+ Ke8 13. Qg5 Qe4+ 14. Ne2 h6 15. Qg3 Nd5 16. Be3 Nd7 17. Nbc3 Nxc3 18. Nxc3 Qf5 19. O-O Nf6 20. Rfd1 e6 21. d5 e5 22. Nb5 Kf7 23. Bxa7 Be7 24. Rac1 Rhc8 25. Qb3 g5 26. Be3 Qd7 27. Bb6 Bd8 28. Bxd8 Qxd8 29. Qb4 Ne8 30. a3 Qb6 31. Rxc8 Rxc8 32. Qe4 Kg7 33. Qf5 Qd8 34. Nc3 Rc7 35. h3 Rf7 36. Qc2 Qc8 37. Rc1 Qc5 38. Qd2 Nf6 39. Qd3 Nh5 40. Rc2 Nf4 41. Qb5 Qd4 42. Qf1 Nxd5 43. Nb5 Qb6 44. Rd2 Ne3 45. Qd3 Nf5 46. Nxd6 Nxd6 47. Qxd6 Qb5 48. Rd5 Qxb2 49. Qxe5+ Qxe5 50. Rxe5 b6 51. Re6 Ra7 1/2-1/2